000 00337nam a2200133Ia 4500
008 240624s9999 xx 000 0 und d
041 _aeng
082 _a006.7 SAL
100 _aSALAM ABDUL
245 _aDEPLOYING AND MANAGING A CLOUD INFRASTRU
260 _c2015
_aNew Delhi
_bWiley
300 _a429 : p. : cm. ; 28
365 _cRS
_b33
999 _c26335
_d26335